00632nam a2200241Ia 4500008004100000020001800041050001400059100001900073245004600092245004900138260002500187260001600212260000900228300001400237300002800251300001000279500000900289650002000298650001300318650002900331700001900360700001100379190123s9999 xx 000 0 und d a9780590745154 bH515 1994 aHennessy, B.G. 0aB.G. Hennessy ; pictures by Simms Taback. 0cby B.G. Hennessy ; pictures by Simms Taback. aNew York, New York : bScholastic, c1994 aunpaged : bcolored illustrations ; c27cm. a760L aRoad machinery. aRoads -- xDesign and construction. aTaback, Simms. aTitle.